000 00512nam a2200193 a 4500
001 1758436810784
003 YourLibrary
005 20250921121127.0
008 250921s2005##################000#0#eng##
020 _a9780521836777
082 0 4 _a572.88
_bKRI
100 1 _aAppasani, Krishnarao,
_eauthor.
245 1 0 _aRNA Interference Technology :
260 _bCambridge University Press,
_c2005.
300 _a544 pages
650 0 _aScience.
942 _cENGLISH
040 _aYourLibrary
_beng
_cYourLibrary
999 _c588506
_d588506